|
|
|
|
| LEADER |
00000nam a22000007a 4500 |
| 005 |
20200326225732.0 |
| 007 |
cr|||| |||| |
| 008 |
200326s2019 es |||||s|||| 00||0 spa d |
| 020 |
|
|
|a 978-84-9123-792-1
|
| 035 |
|
|
|a 31302
|
| 040 |
|
|
|a vLex
|
| 090 |
|
|
|c 10268
|d 10268
|
| 100 |
1 |
|
|a Vial-Dumas, Manuel
|
| 245 |
1 |
0 |
|a Pensando al juez
|h [Recurso electrn̤ico] /
|c Manuel Vial-Dumas, David Martn̕ez Zorrilla
|
| 256 |
|
|
|a Servicio en ln̕ea
|
| 260 |
|
|
|a Madrid:
|b Marcial Pons,
|c 2019
|
| 300 |
|
|
|a 1 recurso electrn̤ico
|
| 506 |
1 |
|
|a Disponible solo en los productos indicados
|d vLex Global
|d vLex Global (Academic Edition, excluding Law Schools)
|d vLex Global (U.S. Academic Edition, Law Schools)
|d vLex Global (U.S. Academic Edition, excluding Law Schools)
|d vLex Global (Academic Edition, Law Schools)
|
| 650 |
0 |
4 |
|a Derecho Constitucional
|z Espaą
|
| 700 |
1 |
|
|a Martn̕ez Zorrilla, David
|
| 740 |
0 |
|
|a vLex Libros (Servicio en ln̕ea)
|
| 856 |
4 |
0 |
|u http://vlex.com/source/pensando-juez-31302
|z Acceso restringido
|
| 942 |
|
|
|c BOOK
|
| 999 |
0 |
|
|a Constitutional right
|